| 000 | 00754nam a22002415b 4500 | ||
|---|---|---|---|
| 003 | OSt | ||
| 005 | 20160121090222.0 | ||
| 008 | 950331s1994 sp | ||| ||spa | ||
| 020 | _a84-226-5158-0 | ||
| 040 | _cBMC | ||
| 082 | _a813.5 | ||
| 100 | 1 |
_aTine, Robert _937706 |
|
| 245 | 1 | 0 |
_aBeethoven _cRobert Tine ; basado en los guiones de Edmond Dantes, Amy Holden Jones y Len Blum ; traducción de Carme Camps Monfá |
| 260 |
_aBarcelona _bCírculo de Lectores _c[1994] |
||
| 300 |
_a271 p. _c21 cm |
||
| 650 | 2 | 4 |
_917595 _aNovela norteamericana |
| 700 | 1 |
_aDantes, Edmond _938180 _d1950-2009 |
|
| 700 | 1 |
_aJones, Amy Holden _938181 |
|
| 700 | 1 |
_aBlum, Len _938182 |
|
| 700 | 1 |
_aCamps, Carme _936816 |
|
| 740 | 0 | 1 | _aBeethoven II. |
| 942 |
_2ddc _cBK |
||
| 999 |
_c24096 _d24096 |
||